000 00858nas a2200301 4500
001 BR2010000466
003 BR-BrBNA
005 20231205113842.0
007 ta
008 230509b bl.|||p| |||| 00| 00por d
040 _aBR-BrBNA
_bpor
_cBiblioteca Nacional de Agricultura
041 _a(Pt)
072 _aF03
100 1 _aQueiroz, R. de P.
100 1 _aSilva, A.M. da
100 1 _aSouza, C. da S.S
100 1 _aAraújo, D.C. de
100 1 _aSantos, M.L.
100 1 _aLopes, A.W.
100 1 _aSá, M.E. de
245 1 _aAvaliação do vigor de sementes de quiabo em duas épocas de maturação
650 _aQUIABO
650 _aSEMENTE
650 _aVIGOR
773 0 _tCultura Agronômica (Brazil)
_xISSN 0104-1010
_g(2009), v. 18(3) p. 25-31
_wBR2010000466
909 _a202311
_bLúcia
_c55
_dLúcia Elande
942 _2AGRIS
_n0
_cANA
999 _c205958
_d205958